[Event "Wch U18 Girls"]
[Site "Montesilvano"]
[Date "2023.11.15"]
[Round "3"]
[White "Ham Corona, Ana Paola"]
[Black "Groeschel, Karoline"]
[Result "0-1"]
[WhiteElo "1318"]
[BlackElo "1924"]
[PlyCount "84"]
[EventDate "2023.11.13"]
[EventType "swiss"]
[EventRounds "11"]
[EventCountry "ITA"]
[SourceTitle "CB48_2023"]
[SourceDate "2023.11.29"]
[SourceVersion "1"]
[SourceVersionDate "2023.11.29"]
[SourceQuality "1"]

1. e4 c5 2. Nc3 e6 3. Bc4 a6 4. a4 Nf6 5. d3 d5 6. Ba2 h6 7. f4 dxe4 8. Nxe4 Nxe4 9. dxe4 Qxd1+ 10. Kxd1 b6 11. Bb1 Bb7 12. c3 Nc6 13. Nf3 0-0-0+ 14. Ke2 Bd6 15. Be3 e5 16. fxe5 Nxe5 17. Nxe5 Bxe5 18. a5 Kc7 19. axb6+ Kxb6 20. Rf1 Rd7 21. g3 Rhd8 22. Bxc5+ Kxc5 23. Ra5+ Kd6 24. Rd1+ Ke6 25. Ba2+ Kf6 26. Rf1+ Kg6 27. Rxe5 f6 28. Ra5 Rd2+ 29. Ke3 R8d3+ 30. Kf4 Rxh2 31. Bc4 Rd6 32. b3 Kh7 33. Bd5 Bxd5 34. Rxd5 Rc6 35. c4 Rb2 36. Rf3 Rb6 37. Ra5 Kg6 38. g4 Kf7 39. Kf5 R2xb3 40. Rxb3 Rxb3 41. Kf4 g5+ 42. Kf5 Rf3# 0-1

[Event "Pan American-ch U18 Girls"]
[Site "Montevideo"]
[Date "2022.06.27"]
[Round "3"]
[White "Ham Corona, Ana Paola"]
[Black "Lopez, Julieta"]
[Result "1-0"]
[WhiteElo "1225"]
[BlackElo "1130"]
[PlyCount "75"]
[EventDate "2022.06.26"]
[EventType "swiss"]
[EventRounds "9"]
[EventCountry "URU"]
[SourceTitle "EXT 2023"]
[Source "ChessBase"]
[SourceDate "2022.10.05"]
[SourceVersion "1"]
[SourceVersionDate "2022.10.05"]
[SourceQuality "1"]

1. e4 e5 2. Nf3 Nc6 3. d4 exd4 4. Bc4 Nf6 5. e5 d5 6. Bb5 Ne4 7. Nxd4 Bd7 8. Bxc6 Bxc6 9. Nxc6 bxc6 10. 0-0 Bc5 11. Qe2 0-0 12. Be3 Bb6 13. Kh1 f5 14. f3 Bxe3 15. Qxe3 f4 16. Qd4 Ng5 17. Qc3 Qd7 18. Nd2 Ne6 19. Rad1 Rf5 20. Rfe1 d4 21. Qc4 Kh8 22. Nb3 Qd5 23. Qxd5 cxd5 24. Nxd4 Nxd4 25. Rxd4 c6 26. b3 Re8 27. Kg1 g5 28. e6 Kg7 29. Ra4 Re7 30. Ra6 c5 31. Rxa7 Kf6 32. Rxe7 Kxe7 33. Kf2 h5 34. h3 d4 35. Re4 g4 36. hxg4 hxg4 37. fxg4 Rg5 38. Kf3 1-0

[Event "Pan American-ch U18 Girls"]
[Site "Montevideo"]
[Date "2022.06.26"]
[Round "1"]
[White "Ham Corona, Ana Paola"]
[Black "Bosco, Giuliana"]
[Result "0-1"]
[WhiteElo "1225"]
[BlackElo "1843"]
[PlyCount "68"]
[EventDate "2022.06.26"]
[EventType "swiss"]
[EventRounds "9"]
[EventCountry "URU"]
[SourceTitle "EXT 2023"]
[Source "ChessBase"]
[SourceDate "2022.10.05"]
[SourceVersion "1"]
[SourceVersionDate "2022.10.05"]
[SourceQuality "1"]

1. e4 e6 2. d4 d5 3. Nd2 Nf6 4. e5 Nfd7 5. Bd3 c5 6. c3 Nc6 7. Ne2 cxd4 8. cxd4 f6 9. exf6 Nxf6 10. Nf3 Bd6 11. 0-0 Qc7 12. h3 0-0 13. Bg5 Nh5 14. Rc1 Rxf3 15. gxf3 Qf7 16. f4 Nb4 17. Bb1 h6 18. Bh4 Bxf4 19. Nxf4 Nxf4 20. Bg3 Nc6 21. Bxf4 Qxf4 22. Qh5 Bd7 23. Qg6 Nxd4 24. Rfd1 Ne2+ 25. Kf1 Nxc1 26. Qh7+ Kf7 27. Bg6+ Kf6 28. Bb1 Bb5+ 29. Kg1 Ne2+ 30. Kg2 Qg5+ 31. Kh1 Qh5 32. Kh2 Nf4 33. Rh1 Qxh3+ 34. Kg1 Qg2# 0-1